Hello - Adele (song lyrics) - Statistics

General Stats
  • This quiz has been taken 9,202 times
  • The average score is 217 of 315
Answer Stats
Answer % Correct
Hello
100%
hello
100%
I
100%
me
98%
it
97%
a
96%
ya
96%
you
96%
it's
95%
the
95%
to
93%
time
86%
from
85%
other
84%
side
84%
wondering
84%
be
83%
ever
83%
if
82%
I'm
82%
so
82%
all
81%
for
81%
was
81%
everything
80%
that
80%
hear
78%
time's
78%
times
78%
sorry
77%
after
76%
can
76%
call
75%
go
75%
have
75%
tell
74%
thousand
73%
years
73%
done
72%
I've
72%
like
72%
these
72%
over
71%
but
69%
must
69%
say
68%
called
67%
meet
67%
us
67%
we
66%
you'd
66%
and
64%
when
60%
heal
58%
in
58%
out
58%
your
57%
they
56%
California
55%
about
54%
at
53%
how
53%
supposed
53%
used
53%
dreaming
52%
much
51%
never
51%
were
50%
breaking
49%
seem
49%
tried
49%
ain't
48%
healing
48%
who
48%
heart
47%
outside
47%
free
45%
home
45%
younger
45%
are
44%
least
44%
of
43%
anymore
41%
between
37%
don't
37%
apart
35%
million
35%
doesn't
34%
matter
34%
miles
34%
clearly
33%
no
33%
tear
33%
difference
31%
such
31%
our
30%
world
30%
feet
29%
there's
29%
felt
28%
forgotten
28%
talk
27%
before
26%
fell
26%
did
22%
myself
22%
where
22%
hope
21%
typical
21%
you're
20%
both
19%
make
18%
running
18%
town
17%
nothing
16%
secret
16%
well
14%
happened
13%
No matching quizzes found
Score Distribution
Percent of People with Each Score
Percentile by Number Answered
Your Score History
You have not taken this quiz